| 000 | 00476cam a2200205 4500 | ||
|---|---|---|---|
| 001 | B2677 | ||
| 008 | 090401t1989 xxu||||| |||| 00| 0 eng d | ||
| 035 | _a(Sirsi) u51419 | ||
| 041 | _aeng | ||
| 050 | _a336.271 | ||
| 100 | _aJermy, Lionel | ||
| 245 | _aVAT and landowners | ||
| 260 |
_aLondon _bCountry Landowners Association _c1989 |
||
| 300 | _a15p. ; 21cm. | ||
| 350 | _a18 | ||
| 650 | _aFARMING | ||
| 650 | _aVALUE ADDED TAX | ||
| 942 | _n0 | ||
| 948 | _c04/03/1997 | ||
| 999 |
_c92900 _d92900 |
||